000 00680nam a2200193 i 4500
001 35582
003 ES-MaACL
005 20250712081851.0
007 t|
008 030213s1952 sp ||||1| ger d
100 1 _aBouda, Karl.
_930849
245 1 4 _aDie Verwandtschaftsverhèaltnisse Tschuktschischen Sprachgruppe
_b: (Tschuktschisch, Korjakisch. Kamtschadalisch) /
_cKarl Bouda.
260 _aSalamanca :
_bUniversidad,
_c1952 (
_fC. Bermejo)
300 _a80 p. ;
_c25 cm.
490 1 _aActa Salmanticensia. Filosofía y letras ;
_vT. V, 6
830 0 0 _aActa Salmanticensia
_vT. V, 6
_9181394
852 _aES-MaACL
_j1951-F-28
_bR.35118
999 _c35582
_d35582